| 000 | 00694nam a2200253Ia 4500 | ||
|---|---|---|---|
| 003 | OSt | ||
| 005 | 20221005093913.0 | ||
| 006 | a|||||r|||| 00| 0 | ||
| 007 | ta | ||
| 008 | 221004b |||||||| |||| 00| 0 eng d | ||
| 020 | _a0631212329 | ||
| 024 | _a45485 | ||
| 037 | _cTextual | ||
| 040 |
_aCRL _cCRL _beng |
||
| 041 |
_2eng _aeng |
||
| 082 | _aY:7:5, P1 | ||
| 100 |
_aCarsten K W etc Ed. _9618801 |
||
| 245 | 0 | _aGroup consensus and minority influence implications for innovation | |
| 260 |
_aOxford _bBlackwell publisher _c2001 |
||
| 300 |
_a324p. _ccm. |
||
| 650 | _aSOCIOLOGY | ||
| 942 |
_hY:7:5, P1 _cTEXL _2cc |
||
| 999 |
_c1001126 _d1001126 |
||